| 000 | 00000nas 2200000za 4500 |
| 001 | 9.505747 |
| 003 | CaOODSP |
| 005 | 20240111120245 |
| 007 | cr ||||||||||| |
| 008 | 150406c20089999onc|| p o||||f| |0eng|d |
| 040 | |aCaOODSP|beng |
| 043 | |an-cn--- |
| 086 | 1 |aHP2-17E-PDF |
| 110 | 2 |aPublic Health Agency of Canada. |
| 245 | 10|a... annual report on the Privacy Act |
| 246 | 33|aPublic Health Agency of Canada, Privacy Act, annual report ... |
| 260 | |aOttawa : |bPublic Health Agency of Canada = Agence de santé publique du Canada, |c[2011]- |
| 310 | |aAnnual |
| 362 | 1 |aBegan with: 2010-2011. |
| 500 | |aIssued also in French under title: Rapport annuel ... sur la Loi sur la protection des renseignements personnels. |
| 520 | 3 |aIntended to describe how the Agency administered its responsibilities under the Privacy Act during the fiscal year. |
| 588 | |aDescription based on: 2010/2011. |
| 588 | |aLatest issue consulted: 2017/2018. |
| 775 | 08|tRapport annuel ... sur la Loi sur la protection des renseignements personnels.|w(CaOODSP)9.502152 |
| 776 | 0#|tPublic Health Agency of Canada annual report on the Privacy Act |w(CaOODSP)9.511688 |
| 776 | 0#|tAgence de la santé publique du Canada, rapport annuel sur la Loi sur la protection des renseignements personnels |w(CaOODSP)9.511689 |